000 00415pab a2200181 454500
008 180718b2007 xxu||||| |||| 00| 0 eng d
100 _aMaraichelvi, Arockia
245 _aEndurance of street children
260 _c2007
300 _ap.24-28.
362 _aJul
650 _aChildren
650 _aStreet children
700 _aJayapoorani, N.
773 _aSocial Welfare
908 _aN
909 _a74767
999 _c74767
_d74767